000
00300nam a22001457a 4500
008
210311b ||||| |||| 00| 0 eng d
020
_a
9780618901067
041
_a
eng
080
_a
038
082
_a
038
100
_a
23
101
_a
FJA
245
_a
!Hola,amigos!
_c
Jarvis,
942
_2
udc
_c
BK
999
_c
56327
_d
56327